000
00186 a2200097 4500
020
_a
9780892968107
041
_a
eng
100
_a
Maron, Margaret
245
_a
Winters child
942
_c
BK
999
_c
10182
_d
10182